Normal view
MARC view
- Children of clergy
Entry Topical Term
001 - CONTROL NUMBER
- control field: 94641
003 - CONTROL NUMBER IDENTIFIER
- control field: NUST
005 - DATE AND TIME OF LATEST TRANSACTION
- control field: 20220723152219.0
008 - FIXED-LENGTH DATA ELEMENTS
- fixed length control field: 220723|| aca||aabn | a|a d
040 ## - CATALOGING SOURCE
- Original cataloging agency: NUST
- Transcribing agency: NUST
150 ## - HEADING--TOPICAL TERM
- Topical term or geographic name entry element: Children of clergy
- Form subdivision: Fiction
670 ## - SOURCE DATA FOUND
- Source citation: Work cat.: (NUST)0: Sparks, Nicholas. 10035, A walk to remember , 2012, c1999.
